01656nam a2200457 i 450000100060000000300080000600500170001400600190003100700150005000800410006502000280010603500210013404000310015505000200018608000110020608200170021710000350023424501180026926400480038730000410043533600310047633700330050733800430054049000340058350000220061750400280063958800830066759001620075065000150091265000120092765000210093965000240096065000170098465000110100165500270101270000260103979700180106583000350108385600630111899900170118182641FINmELB20241217151940.0m o d | cr cnu||||||||211230s2017 ag ob 001 0 spa d a9789508089205q(e-book) a(OCoLC)991973601 aFINmELBbspaerdacFINmELB 4aHQ31bF162 2017 a613.8804a613.90712231 aFainsod, Paula Yamila,eautor.10aEducación para la salud y género :bescenas del currículum en acción /cPaula YamilaFainsod, Marta Busca. 1aArgentina :bHomo Sapiens Ediciones,c2017. a1 recurso en línea (173 páginas) atextobtxt2rdacontent/spa acomputadorabc2rdamedia/spa arecurso en líneabcr2rdacarrier/spa1 aCOLECCIÓN LA LUPA DE LA ESI aIncluye índice. aIncluye bibliografía. aDescripción basada en metadatos suministrados por el editor y otras fuentes. aRecurso electrónico. Santa Fe, Arg.: elibro, 2022. Disponible vía World Wide Web. El acceso puede estar limitado para las bibliotecas afiliadas a elibro. 0aEducation. 0aHealth. 0aSex instruction. 4aEducación Sexual. 4aEducación. 4aSalud. 4aLibros electrónicos.1 aBusca, Marta,eautor.2 aelibro, Corp. 0aCOLECCIÓN LA LUPA DE LA ESI.40uhttps://elibro.net/ereader/politecnicointernacional/176823 c82641d82641